[Event "11th LCC FIDE Open 2019"]
[Site "London"]
[Date "2019.12.05"]
[Round "8.12"]
[White "Fodor, Tamas Jr."]
[Black "Blackburn, Jonathan L B"]
[Result "1-0"]
[WhiteElo "2533"]
[BlackElo "2240"]
[Annotator "ChessBase"]
[PlyCount "55"]
[EventDate "2019.11.29"]
[EventType "swiss"]
[EventCountry "ENG"]
[SourceTitle "playchess.com"]
[Source "ChessBase"]
[SourceQuality "1"]
[TimeControl "40/5400+30:1800+30"]

1. d4 {[%emt 0:00:00]} d6 {[%emt 0:00:01]} 2. Nf3 {[%emt 0:00:00]} Nf6 {[%emt 0:00:12]} 3. Bf4 {[%emt 0:00:15]} g6 {[%emt 0:00:56]} 4. h3 {[%emt 0:00:14]} Bg7 {[%emt 0:00:18]} 5. c3 {[%emt 0:00:07]} O-O {[%emt 0:01:00]} 6. e3 {[%emt 0:00:06]} c5 {[%emt 0:02:24]} 7. Nbd2 {[%emt 0:02:43]} Be6 {[%emt 0:09:18]} 8. Be2 {[%emt 0:00:33]} Qb6 {[%emt 0:00:33]} 9. Qc1 {[%emt 0:06:25]} Nc6 {[%emt 0:03:28]} 10. dxc5 {[%emt 0:02:31]} Qxc5 {[%emt 0:01:52]} 11. e4 {[%emt 0:00:09]} d5 {[%emt 0:06:22]} 12. Ng5 {[%emt 0:08:04]} Nxe4 {[%emt 0:22:12]} 13. Ndxe4 {[%emt 0:02:54]} dxe4 {[%emt 0:00:05]} 14. Nxe6 {[%emt 0:00:50]} fxe6 {[%emt 0:00:04]} 15. Be3 {[%emt 0:00:54]} Qd5 {[%emt 0:08:28]} 16. O-O {[%emt 0:01:50]} Ne5 {[%emt 0:01:48]} 17. Rd1 {[%emt 0:06:09]} Qc6 {[%emt 0:02:39]} 18. Qc2 {[%emt 0:00:31]} Nc4 {[%emt 0:01:36]} 19. Bxc4 {[%emt 0:03:40]} Qxc4 {[%emt 0:00:04]} 20. Rd7 {[%emt 0:00:09]} Rad8 {[%emt 0:06:28]} 21. Rxb7 {[%emt 0:01:02]} Rd3 {[%emt 0:01:12]} 22. Qb3 {[%emt 0:00:40]} Qc6 {[%emt 0:06:06]} 23. Rxe7 {[%emt 0:00:10]} Rd6 {[%emt 0:03:02]} 24. Rxa7 {[%emt 0:02:58]} Rfd8 {[%emt 0:00:50]} 25. g3 {[%emt 0:00:28]} Be5 {[%emt 0:00:42]} 26. Qb7 {[%emt 0:00:18]} Qxb7 {[%emt 0:00:02]} 27. Rxb7 {[%emt 0:00:07]} Rd3 {[%emt 0:00:05]} 28. Re1 {[%emt 0:00:50]} 1-0

[Event "11th LCC FIDE Open 2019"]
[Site "London"]
[Date "2019.12.05"]
[Round "8.13"]
[White "Hebden, Mark L"]
[Black "Hill, Alistair"]
[Result "1-0"]
[WhiteElo "2436"]
[BlackElo "2193"]
[Annotator "NA"]
[PlyCount "61"]
[EventDate "2019.11.29"]
[EventType "swiss"]
[EventCountry "ENG"]
[SourceTitle "playchess.com"]
[Source "ChessBase"]
[SourceQuality "1"]
[TimeControl "40/5400+30:1800+30"]

1. d4 {[%emt 0:00:00]} Nf6 {[%emt 0:15:44]} 2. Nc3 {[%emt 0:00:00]} d5 {[%emt 0:00:12]} 3. Bf4 {[%emt 0:00:00]} Bf5 {[%emt 0:00:26]} 4. e3 {[%emt 0:00:29]} e6 {[%emt 0:00:34]} 5. a3 {[%emt 0:01:42]} a6 {[%emt 0:00:57]} 6. Nf3 {[%emt 0:02:12]} c5 {[%emt 0:00:24]} 7. Ne5 {[%emt 0:00:38]} h6 {[%emt 0:03:20]} 8. g4 {[%emt 0:01:59]} Bh7 {[%emt 0:00:35]} 9. h4 {[%emt 0:01:00]} Nfd7 {[%emt 0:07:22]} 10. Bd3 {[%emt 0:12:44]} Nxe5 {[%emt 0:04:19]} 11. dxe5 {[%emt 0:01:53]} Bxd3 {[%emt 0:04:38]} 12. Qxd3 {[%emt 0:04:18]} Be7 {[%emt 0:00:03]} 13. h5 {[%emt 0:01:30]} Nc6 {[%emt 0:00:12]} 14. Bg3 {[%emt 0:07:12]} b5 {[%emt 0:06:06]} 15. Ne2 {[%emt 0:01:08]} Qb6 {[%emt 0:04:45]} 16. c3 {[%emt 0:01:40]} Rd8 {[%emt 0:02:16]} 17. b4 {[%emt 0:02:08]} Rc8 {[%emt 0:08:06]} 18. O-O {[%emt 0:04:16]} O-O {[%emt 0:04:05]} 19. f4 {[%emt 0:04:19]} f5 {[%emt 0:08:50]} 20. exf6 {[%emt 0:06:09]} Bxf6 {[%emt 0:00:15]} 21. Bf2 {[%emt 0:01:33]} cxb4 {[%emt 0:08:09]} 22. axb4 {[%emt 0:01:18]} Nxb4 {[%emt 0:00:39]} 23. cxb4 {[%emt 0:00:50]} Bxa1 {[%emt 0:00:04]} 24. Rxa1 {[%emt 0:00:22]} Rc4 {[%emt 0:01:21]} 25. Rb1 {[%emt 0:03:29]} Qc6 {[%emt 0:01:27]} 26. Nd4 {[%emt 0:02:58]} Qc8 {[%emt 0:01:05]} 27. Nf3 {[%emt 0:04:21]} d4 {[%emt 0:09:13]} 28. Nxd4 {[%emt 0:00:36]} Rd8 {[%emt 0:03:13]} 29. Qe4 {[%emt 0:00:53]} e5 {[%emt 0:02:47]} 30. fxe5 {[%emt 0:00:19]} Rf8 {[%emt 0:00:46]} 31. e6 {[%emt 0:01:59]} 1-0

[Event "11th LCC FIDE Open 2019"]
[Site "London"]
[Date "2019.12.05"]
[Round "8.14"]
[White "Risting, Eivind Olav"]
[Black "Kirk, Ezra"]
[Result "0-1"]
[WhiteElo "2298"]
[BlackElo "2433"]
[Annotator "TA"]
[PlyCount "148"]
[EventDate "2019.11.29"]
[EventType "swiss"]
[EventCountry "ENG"]
[SourceTitle "playchess.com"]
[Source "ChessBase"]
[SourceQuality "1"]

{[%evp 21,148,20,37,30,57,39,14,18,25,10,37,23,65,72,72,66,85,58,65,43,85,36,68,66,111,102,111,19,40,5,36,33,22,31,36,27,29,25,33,0,33,15,35,30,36,0,0,0,0,0,12,16,14,18,16,14,14,-245,-233,-302,-310,-294,-310,-308,-299,-296,-287,-289,-270,-339,-345,-313,-313,-381,-335,-346,-346,-391,-388,-491,-384,-486,-486,-1034,-1034,-1034,-1034,-1034,-710,-1034,-1034,-476,-476,-476,-468,-458,-450,-440,-429,-1033,-1022,-1004,-999,-971,-421,-407,-404,-1017,-692,-4910,-393,-29974,-29976,-29974,-29976,-29976,-29977,-29979,-29977,-29979,-29979,-29980,-29980,-29982,-29978,-29978,-29975,-29977,-12663]} 1. d4 Nf6 2. c4 e6 3. Nc3 Bb4 4. Bd2 b6 5. Nf3 Bb7 6. e3 Bxc3 7. Bxc3 Ne4 8. Rc1 O-O 9. Be2 d6 10. O-O Nd7 11. Be1 f5 12. b4 $146 {E21: Nimzo-Indian: 4 Nf3} ({Predecessor:} 12. Nd2 Qe7 13. f3 Nxd2 14. Qxd2 e5 15. Bf2 e4 16. f4 c5 17. d5 Qf6 18. a3 Rfc8 19. Qc3 Qxc3 20. Rxc3 {½-½ (54) Graf,A (2649)-Horvath,A (2478) Dresden 2001}) 12... Kh8 {[#]} 13. c5 $1 {[%mdl 512] Black must now prevent c6.} Bd5 (13... bxc5 14. bxc5) 14. Bc4 {The position is equal.} Bxc4 15. Rxc4 b5 16. Rc1 {[%cal Bc4c1,Bc1a1,Ba1a4][%mdl 32]} d5 17. a4 a6 18. Ra1 c6 19. Qd3 Qb8 20. Bc3 f4 21. Bd2 (21. axb5 {keeps more tension.} axb5 22. Rxa8 Qxa8 23. Ra1 Qb8 24. Ra6) 21... fxe3 22. Bxe3 bxa4 23. Rxa4 Qb5 24. Qxb5 (24. Qc2 $16) 24... axb5 $11 25. Raa1 h6 26. Rfc1 Ra4 27. Rxa4 bxa4 28. Ra1 Ra8 $1 29. Ra3 Kg8 30. Bf4 Ra7 31. Ne1 g5 32. Be3 e5 33. Nd3 exd4 34. Bxd4 Nd2 35. Nb2 Rb7 (35... Nb3 $5 36. Bc3 $8 d4 $11) 36. Rxa4 {Black should prevent Nd3.} Nb3 37. Bc3 d4 38. Be1 {aiming for Nd3.} Ne5 39. Nd1 $2 {[%mdl 8192]} (39. f3 $11) 39... Nd3 $19 40. Ra8+ Kf7 41. Ra3 Re7 {[%cal Re7e1]} (41... Nxe1 42. Rxb3 Nc2 43. Rd3 $17) 42. Ne3 dxe3 (42... Nxe1 43. Rxb3 dxe3 44. fxe3 $19) 43. Rxb3 Nxe1 44. fxe3 {[%mdl 4096] Endgame KRN-KR} Nc2 45. b5 cxb5 ({Not} 45... Nxe3 46. b6 $19) ({Don't go for} 45... Rxe3 $2 46. Rxe3 cxb5 47. c6 $18) 46. Rxb5 Nxe3 ({Resist} 46... Rxe3 47. Rb7+ Kg6 48. Rb6+ Kh5 49. h3 $19) 47. Kf2 Nd5 48. c6 Ke6 49. Kg3 Rc7 50. h4 {and the idea hxg5 leaves White hopeful.} Nc3 51. Rb7 Rxc6 52. hxg5 (52. Ra7 $142) 52... hxg5 53. Kg4 Kf6 54. Kh5 Nd5 55. g3 Nc7 56. Rb1 Ne6 57. Rf1+ Ke7 58. Rf3 Rc5 59. Kg6 Re5 60. Kh5 (60. Rf1 $142) 60... Nc5 61. Ra3 Ke6 62. Ra8 Kf5 (62... Ne4 $142 63. Kg6 Rb5 64. Re8+ Kd5) 63. Rf8+ Ke4 64. Kg4 (64. Rg8 $142 Ne6 65. Kg4) 64... Ke3 65. Rf1 {intending Re1+.} Ke2 $2 (65... Ne4 66. Kh3 Rc5) 66. Rf6 $2 {[#]} (66. Ra1 $19) 66... Ne4 {Black mates.} 67. Rf8 Nf2+ 68. Kh5 g4+ 69. Kh4 Re7 70. Rf5 Kf1 71. Ra5 Kg2 72. Rh5 Re1 73. Ra5 Rh1+ 74. Kg5 Rh3 {Accuracy: White = 33%, Black = 59%.} 0-1

[Event "11th LCC FIDE Open 2019"]
[Site "London"]
[Date "2019.12.05"]
[Round "8.15"]
[White "Van Zyl-Rudd, Jack"]
[Black "Gschnitzer, Adrian"]
[Result "0-1"]
[WhiteElo "2290"]
[BlackElo "2422"]
[Annotator "NA"]
[PlyCount "62"]
[EventDate "2019.11.29"]
[EventType "swiss"]
[EventCountry "ENG"]
[SourceTitle "playchess.com"]
[Source "ChessBase"]
[SourceQuality "1"]
[TimeControl "40/5400+30:1800+30"]

1. d4 {[%emt 0:00:00]} Nf6 {[%emt 0:01:29]} 2. c4 {[%emt 0:01:30]} c5 {[%emt 0:00:20]} 3. d5 {[%emt 0:00:09]} b5 {[%emt 0:00:07]} 4. cxb5 {[%emt 0:00:07]} a6 {[%emt 0:00:04]} 5. e3 {[%emt 0:00:06]} g6 {[%emt 0:00:11]} 6. Nc3 {[%emt 0:00:20]} Bg7 {[%emt 0:00:09]} 7. e4 {[%emt 0:00:06]} O-O {[%emt 0:01:54]} 8. a4 {[%emt 0:00:08]} Bb7 {[%emt 0:00:58]} 9. Nf3 {[%emt 0:02:32]} e6 {[%emt 0:02:53]} 10. Be2 {[%emt 0:30:16]} axb5 {[%emt 0:01:50]} 11. Bxb5 {[%emt 0:00:37]} exd5 {[%emt 0:00:17]} 12. exd5 {[%emt 0:00:06]} Qe8+ {[%emt 0:00:12]} 13. Qe2 {[%emt 0:12:41]} Nxd5 {[%emt 0:02:21]} 14. Nxd5 {[%emt 0:00:19]} Bxd5 {[%emt 0:00:15]} 15. Be3 {[%emt 0:00:54]} Nc6 {[%emt 0:14:04]} 16. Bxc5 {[%emt 0:13:13]} Bxb2 {[%emt 0:10:50]} 17. Rd1 {[%emt 0:05:39]} Bb3 {[%emt 0:10:40]} 18. Rb1 {[%emt 0:04:40]} Bxa4 {[%emt 0:01:47]} 19. Bxa4 {[%emt 0:00:50]} Rxa4 {[%emt 0:01:14]} 20. Bxf8 {[%emt 0:01:36]} Re4 {[%emt 0:00:59]} 21. Rxb2 {[%emt 0:00:04]} Kxf8 {[%emt 0:01:20]} 22. Kf1 {[%emt 0:08:26]} Rxe2 {[%emt 0:00:27]} 23. Rxe2 {[%emt 0:00:05]} Qa8 {[%emt 0:00:20]} 24. h4 {[%emt 0:00:52]} Qa6 {[%emt 0:02:43]} 25. Rh3 {[%emt 0:07:03]} h5 {[%emt 0:07:21]} 26. Ke1 {[%emt 0:03:26]} Qa1+ {[%emt 0:01:50]} 27. Kd2 {[%emt 0:00:05]} Nb4 {[%emt 0:01:10]} 28. Ne5 {[%emt 0:04:08]} Qb2+ {[%emt 0:00:38]} 29. Kd1 {[%emt 0:00:07]} Qb1+ {[%emt 0:00:39]} 30. Kd2 {[%emt 0:00:05]} Qc2+ {[%emt 0:00:07]} 31. Ke3 {[%emt 0:00:25]} Nd5+ {[%emt 0:00:20]} 0-1

[Event "11th LCC FIDE Open 2019"]
[Site "London"]
[Date "2019.12.05"]
[Round "8.16"]
[White "Taylor, Adam C"]
[Black "Villiers, Thomas"]
[Result "0-1"]
[WhiteElo "2371"]
[BlackElo "2145"]
[Annotator "NA RC"]
[PlyCount "96"]
[EventDate "2019.11.29"]
[EventType "swiss"]
[EventCountry "ENG"]
[SourceTitle "playchess.com"]
[Source "ChessBase"]
[SourceQuality "1"]
[TimeControl "40/5400+30:1800+30"]

1. c4 {[%emt 0:00:00]} g6 {[%emt 0:19:53]} 2. g3 {[%emt 0:00:01]} Bg7 {[%emt 0:00:45]} 3. Bg2 {[%emt 0:00:04]} c5 {[%emt 0:00:20]} 4. e3 {[%emt 0:00:15]} Nc6 {[%emt 0:00:14]} 5. Ne2 {[%emt 0:00:08]} Nf6 {[%emt 0:03:06]} 6. Nbc3 {[%emt 0:00:02]} O-O {[%emt 0:00:35]} 7. O-O {[%emt 0:00:07]} d6 {[%emt 0:00:21]} 8. b3 {[%emt 0:01:45]} Bf5 {[%emt 0:00:51]} 9. d3 {[%emt 0:01:10]} Qc8 {[%emt 0:01:24]} 10. Re1 {[%emt 0:03:35]} Ne5 {[%emt 0:01:08]} 11. Nf4 {[%emt 0:06:17]} g5 {[%emt 0:00:48]} 12. Nfd5 {[%emt 0:00:20]} Nxd5 {[%emt 0:00:12]} 13. Nxd5 {[%emt 0:00:27]} Re8 {[%emt 0:00:40]} 14. e4 {[%emt 0:12:59]} Bg4 {[%emt 0:00:47]} 15. Qd2 {[%emt 0:00:07]} Nf3+ {[%emt 0:02:12]} 16. Bxf3 {[%emt 0:00:29]} Bxf3 {[%emt 0:00:02]} 17. Qxg5 {[%emt 0:03:10]} h6 {[%emt 0:01:44]} 18. Qf4 {[%emt 0:00:27]} Bxa1 {[%emt 0:00:44]} 19. Qxf3 {[%emt 0:00:09]} Bg7 {[%emt 0:00:23]} 20. Qh5 {[%emt 0:01:41]} e6 {[%emt 0:01:30]} 21. Ne3 {[%emt 0:03:15]} f5 {[%emt 0:00:59]} 22. Rd1 {[%emt 0:24:28]} Rf8 {[%emt 0:02:53]} 23. exf5 {[%emt 0:03:33]} exf5 {[%emt 0:05:41]} 24. Nd5 {[%emt 0:00:36]} Qe8 {[%emt 0:00:01]} 25. Qf3 {[%emt 0:02:13]} Qf7 {[%emt 0:00:23]} 26. Bf4 {[%emt 0:02:15]} Rad8 {[%emt 0:00:08]} 27. Kh1 {[%emt 0:06:57]} Rfe8 {[%emt 0:01:12]} 28. Rg1 {[%emt 0:00:17]} Kh7 {[%emt 0:00:39]} 29. Be3 {[%emt 0:00:48]} Be5 {[%emt 0:04:07]} 30. g4 {[%emt 0:04:25]} Rg8 {[%emt 0:00:21]} 31. g5 {[%emt 0:00:17]} Rg6 {[%emt 0:03:18]} 32. h4 {[%emt 0:05:33]} f4 {[%emt 0:04:12]} 33. Qe4 {[%emt 0:10:23]} fxe3 {[%emt 0:02:55]} 34. f4 {[%emt 0:00:06]} Kh8 {[%emt 0:04:31]} 35. fxe5 {[%emt 0:03:11]} hxg5 {[%emt 0:03:18]} 36. Qxe3 {[%emt 0:03:41]} Re8 {[%emt 0:01:13]} 37. d4 {[%emt 0:02:36]} cxd4 {[%emt 0:00:20]} 38. Qxd4 {[%emt 0:00:38]} Qf3+ {[%emt 0:00:08]} 39. Kh2 {[%emt 0:00:02]} dxe5 {[%emt 0:02:45]} 40. Qc5 {[%emt 0:00:28]} Rh6 {[%emt 0:00:24]} 41. Rg2 {[%emt 0:01:51]} Rxh4+ {[%emt 0:00:07]} 42. Kg1 {[%emt 0:00:03]} Qd1+ {[%emt 0:01:12]} 43. Kf2 {[%emt 0:00:04]} Qd2+ {[%emt 0:00:07]} 44. Kg3 {[%emt 0:00:35]} Rg4+ {[%emt 0:00:58]} 45. Kxg4 {[%emt 0:00:08]} Qxg2+ {[%emt 0:00:03]} 46. Kf5 {[%emt 0:01:07]} Qf3+ {[%emt 0:00:11]} 47. Kg6 {[%emt 0:01:26]} Rg8+ {[%emt 0:00:03]} 48. Kh6 {[%emt 0:00:09]} Qh1# {[%emt 0:00:02]} 0-1

[Event "11th LCC FIDE Open 2019"]
[Site "London"]
[Date "2019.12.05"]
[Round "8.17"]
[White "Beinoras, Mindaugas"]
[Black "Russell, Christopher"]
[Result "1-0"]
[WhiteElo "2350"]
[BlackElo "2190"]
[Annotator "NA"]
[PlyCount "47"]
[EventDate "2019.11.29"]
[EventType "swiss"]
[EventCountry "ENG"]
[SourceTitle "playchess.com"]
[Source "ChessBase"]
[SourceQuality "1"]
[TimeControl "40/5400+30:1800+30"]

1. d4 {[%emt 0:00:00]} e6 {[%emt 0:15:10]} 2. c4 {[%emt 0:02:13]} Nf6 {[%emt 0:01:33]} 3. Nc3 {[%emt 0:00:09]} Bb4 {[%emt 0:00:42]} 4. f3 {[%emt 0:00:08]} c5 {[%emt 0:00:37]} 5. d5 {[%emt 0:00:32]} b5 {[%emt 0:00:24]} 6. Nh3 {[%emt 0:06:57]} bxc4 {[%emt 0:11:52]} 7. e4 {[%emt 0:00:14]} O-O {[%emt 0:05:35]} 8. Bxc4 {[%emt 0:02:36]} exd5 {[%emt 0:00:09]} 9. Bxd5 {[%emt 0:04:15]} Nxd5 {[%emt 0:00:51]} 10. Qxd5 {[%emt 0:00:17]} Ba6 {[%emt 0:00:53]} 11. Be3 {[%emt 0:08:43]} Qb6 {[%emt 0:08:57]} 12. Kf2 {[%emt 0:03:52]} Bxc3 {[%emt 0:07:55]} 13. bxc3 {[%emt 0:00:24]} Qb2+ {[%emt 0:00:50]} 14. Kg3 {[%emt 0:06:49]} Nc6 {[%emt 0:02:35]} 15. Bxc5 {[%emt 0:01:55]} Qxc3 {[%emt 0:18:15]} 16. Bxf8 {[%emt 0:01:03]} Rxf8 {[%emt 0:01:14]} 17. Rac1 {[%emt 0:04:25]} Qf6 {[%emt 0:01:29]} 18. Rhd1 {[%emt 0:00:13]} Re8 {[%emt 0:02:26]} 19. Qxd7 {[%emt 0:02:48]} Qe5+ {[%emt 0:06:24]} 20. f4 {[%emt 0:05:23]} Qxe4 {[%emt 0:02:00]} 21. Qxc6 {[%emt 0:00:34]} Qe2 {[%emt 0:00:48]} 22. Ng1 {[%emt 0:00:57]} Re3+ {[%emt 0:03:12]} 23. Nf3 {[%emt 0:00:13]} g5 {[%emt 0:01:44]} 24. fxg5 {[%emt 0:00:58]} 1-0

[Event "11th LCC FIDE Open 2019"]
[Site "London"]
[Date "2019.12.05"]
[Round "8.18"]
[White "Bates, Richard A"]
[Black "Yoon, Jacob D"]
[Result "1-0"]
[WhiteElo "2342"]
[BlackElo "2037"]
[Annotator "NA RC"]
[PlyCount "53"]
[EventDate "2019.11.29"]
[EventType "swiss"]
[EventCountry "ENG"]
[SourceTitle "playchess.com"]
[Source "ChessBase"]
[SourceQuality "1"]
[TimeControl "40/5400+30:1800+30"]

1. d4 {[%emt 0:01:33]} e6 {[%emt 0:00:06]} 2. c4 {[%emt 0:00:23]} b6 {[%emt 0:00:15]} 3. a3 {[%emt 0:04:29]} Bb7 {[%emt 0:00:38]} 4. Nc3 {[%emt 0:00:07]} f5 {[%emt 0:00:08]} 5. d5 {[%emt 0:01:25]} Nf6 {[%emt 0:16:16]} 6. e4 {[%emt 0:10:15]} fxe4 {[%emt 0:02:16]} 7. g4 {[%emt 0:00:29]} h6 {[%emt 0:10:00]} 8. Bg2 {[%emt 0:15:09]} exd5 {[%emt 0:04:35]} 9. cxd5 {[%emt 0:00:21]} Bc5 {[%emt 0:04:04]} 10. h4 {[%emt 0:09:16]} O-O {[%emt 0:19:02]} 11. Nh3 {[%emt 0:15:02]} c6 {[%emt 0:11:26]} 12. d6 {[%emt 0:07:53]} e3 {[%emt 0:06:48]} 13. Bxe3 {[%emt 0:09:34]} Bxe3 {[%emt 0:00:47]} 14. fxe3 {[%emt 0:02:42]} Nd5 {[%emt 0:01:01]} 15. Ne4 {[%emt 0:05:26]} Qxh4+ {[%emt 0:04:22]} 16. Nhf2 {[%emt 0:00:09]} Qd8 {[%emt 0:00:37]} 17. g5 {[%emt 0:00:12]} Rf7 {[%emt 0:05:33]} 18. Rh3 {[%emt 0:03:20]} Na6 {[%emt 0:03:01]} 19. b4 {[%emt 0:02:47]} Qe8 {[%emt 0:00:25]} 20. Ng4 {[%emt 0:03:56]} Qe6 {[%emt 0:02:28]} 21. gxh6 {[%emt 0:01:05]} Qg6 {[%emt 0:03:01]} 22. Ne5 {[%emt 0:01:27]} Qf5 {[%emt 0:01:04]} 23. Nxf7 {[%emt 0:00:46]} Qxf7 {[%emt 0:00:31]} 24. Rg3 {[%emt 0:00:40]} Qe6 {[%emt 0:00:48]} 25. Rxg7+ {[%emt 0:00:54]} Kh8 {[%emt 0:00:13]} 26. Qd4 {[%emt 0:00:15]} c5 {[%emt 0:00:41]} 27. Rh7+ {[%emt 0:00:19]} 1-0

[Event "11th LCC FIDE Open 2019"]
[Site "London"]
[Date "2019.12.05"]
[Round "8.19"]
[White "Bukojemski, Adam"]
[Black "Zujev, Oleg"]
[Result "0-1"]
[WhiteElo "2211"]
[BlackElo "2316"]
[Annotator "NA"]
[PlyCount "71"]
[EventDate "2019.11.29"]
[EventType "swiss"]
[EventCountry "ENG"]
[SourceTitle "playchess.com"]
[Source "ChessBase"]
[SourceQuality "1"]
[TimeControl "40/5400+30:1800+30"]

1. e4 {[%emt 0:02:09]} c6 {[%emt 0:00:00]} 2. Nf3 {[%emt 0:00:15]} d5 {[%emt 0:00:19]} 3. Nc3 {[%emt 0:00:10]} Bg4 {[%emt 0:00:28]} 4. h3 {[%emt 0:00:12]} Bxf3 {[%emt 0:00:06]} 5. Qxf3 {[%emt 0:00:05]} e6 {[%emt 0:00:05]} 6. g3 {[%emt 0:00:25]} d4 {[%emt 0:03:42]} 7. Ne2 {[%emt 0:00:10]} Nd7 {[%emt 0:00:34]} 8. Bg2 {[%emt 0:02:31]} Qb6 {[%emt 0:07:16]} 9. Qb3 {[%emt 0:04:50]} Qxb3 {[%emt 0:02:33]} 10. axb3 {[%emt 0:00:01]} d3 {[%emt 0:00:27]} 11. Nc3 {[%emt 0:01:51]} Nc5 {[%emt 0:03:26]} 12. b4 {[%emt 0:13:06]} Na6 {[%emt 0:00:48]} 13. Na2 {[%emt 0:00:34]} dxc2 {[%emt 0:01:25]} 14. d4 {[%emt 0:00:01]} Nxb4 {[%emt 0:07:07]} 15. Ke2 {[%emt 0:00:41]} Nf6 {[%emt 0:06:19]} 16. Be3 {[%emt 0:00:19]} Nxa2 {[%emt 0:01:56]} 17. Rxa2 {[%emt 0:00:02]} Be7 {[%emt 0:02:47]} 18. g4 {[%emt 0:01:44]} h6 {[%emt 0:02:21]} 19. b3 {[%emt 0:01:04]} O-O {[%emt 0:03:40]} 20. Rxc2 {[%emt 0:00:11]} Rfd8 {[%emt 0:00:47]} 21. f4 {[%emt 0:05:05]} Rd7 {[%emt 0:08:21]} 22. Bf3 {[%emt 0:03:05]} Ne8 {[%emt 0:04:47]} 23. h4 {[%emt 0:01:49]} Nc7 {[%emt 0:03:01]} 24. g5 {[%emt 0:03:53]} Nb5 {[%emt 0:02:30]} 25. gxh6 {[%emt 0:05:11]} gxh6 {[%emt 0:00:07]} 26. Kd3 {[%emt 0:02:30]} Nxd4 {[%emt 0:03:01]} 27. Bxd4 {[%emt 0:00:16]} Rad8 {[%emt 0:00:11]} 28. Rg2+ {[%emt 0:05:41]} Kf8 {[%emt 0:00:14]} 29. Kc2 {[%emt 0:01:35]} Rxd4 {[%emt 0:00:12]} 30. Rhg1 {[%emt 0:01:33]} Bf6 {[%emt 0:04:17]} 31. e5 {[%emt 0:02:52]} Bxh4 {[%emt 0:01:44]} 32. Rg8+ {[%emt 0:08:14]} Ke7 {[%emt 0:00:06]} 33. R8g4 {[%emt 0:00:28]} Bf2 {[%emt 0:00:58]} 34. Rh1 {[%emt 0:04:21]} Rd2+ {[%emt 0:00:36]} 35. Kb1 {[%emt 0:00:42]} R8d3 {[%emt 0:00:22]} 36. Be4 {[%emt 0:00:55]} 0-1

[Event "11th LCC FIDE Open 2019"]
[Site "London"]
[Date "2019.12.05"]
[Round "8.20"]
[White "Abrahams, Daniel"]
[Black "Cox, John J"]
[Result "0-1"]
[WhiteElo "2185"]
[BlackElo "2306"]
[Annotator "NA"]
[PlyCount "54"]
[EventDate "2019.11.29"]
[EventType "swiss"]
[EventCountry "ENG"]
[SourceTitle "playchess.com"]
[Source "ChessBase"]
[SourceQuality "1"]
[TimeControl "40/5400+30:1800+30"]

1. Nf3 {[%emt 1:12:32]} d6 {[%emt 0:01:46]} 2. c4 {[%emt 0:04:19]} e5 {[%emt 0:00:05]} 3. d4 {[%emt 0:00:17]} e4 {[%emt 0:00:13]} 4. Ng5 {[%emt 0:00:41]} f5 {[%emt 0:00:24]} 5. Nc3 {[%emt 0:00:36]} c6 {[%emt 0:00:07]} 6. Nh3 {[%emt 0:00:19]} Na6 {[%emt 0:01:12]} 7. Nf4 {[%emt 0:01:38]} Nf6 {[%emt 0:00:34]} 8. h4 {[%emt 0:00:57]} Nc7 {[%emt 0:07:36]} 9. Qb3 {[%emt 0:01:00]} Be7 {[%emt 0:07:24]} 10. e3 {[%emt 0:01:43]} Rb8 {[%emt 0:00:31]} 11. Be2 {[%emt 0:00:51]} Ne6 {[%emt 0:02:31]} 12. Nxe6 {[%emt 0:01:28]} Bxe6 {[%emt 0:00:08]} 13. d5 {[%emt 0:00:59]} Bf7 {[%emt 0:03:17]} 14. Qa4 {[%emt 0:00:45]} Nd7 {[%emt 0:23:39]} 15. dxc6 {[%emt 0:01:05]} bxc6 {[%emt 0:03:24]} 16. Qxc6 {[%emt 0:00:09]} O-O {[%emt 0:00:21]} 17. Nd5 {[%emt 0:10:53]} Ne5 {[%emt 0:10:39]} 18. Nxe7+ {[%emt 0:05:15]} Qxe7 {[%emt 0:03:24]} 19. Qa4 {[%emt 0:00:09]} f4 {[%emt 0:07:47]} 20. Qc2 {[%emt 0:13:05]} d5 {[%emt 0:07:18]} 21. cxd5 {[%emt 0:09:44]} f3 {[%emt 0:00:13]} 22. gxf3 {[%emt 0:00:13]} exf3 {[%emt 0:00:12]} 23. Bd3 {[%emt 0:00:19]} Rbc8 {[%emt 0:01:14]} 24. Qb3 {[%emt 0:05:11]} Qb4+ {[%emt 0:01:29]} 25. Bd2 {[%emt 0:00:46]} Qxb3 {[%emt 0:00:06]} 26. axb3 {[%emt 0:00:04]} Nxd3+ {[%emt 0:00:08]} 27. Kf1 {[%emt 0:00:05]} Rc2 {[%emt 0:01:08]} 0-1

[Event "11th LCC FIDE Open 2019"]
[Site "London"]
[Date "2019.12.05"]
[Round "8.21"]
[White "Clarke, Brandon Gi"]
[Black "Stanisz, Patryk"]
[Result "1-0"]
[WhiteElo "2431"]
[BlackElo "2139"]
[Annotator "TA"]
[PlyCount "71"]
[EventDate "2019.11.29"]
[EventType "swiss"]
[EventCountry "ENG"]
[SourceTitle "playchess.com"]
[Source "ChessBase"]
[SourceQuality "1"]

{[%evp 9,71,-1,13,14,49,48,57,50,95,69,110,72,73,52,56,-15,45,0,60,58,63,60,69,-62,-25,-22,-28,-19,-33,-46,-51,-38,-8,-33,64,59,72,66,131,0,138,129,364,351,334,327,427,423,705,681,740,534,568,564,552,552,542,536,508,511,543,543,511,485]} 1. e4 c6 2. Ne2 d5 3. e5 c5 4. d4 Nc6 5. c3 Bf5 6. dxc5 {B12: Caro-Kann: Advance Variation} e6 (6... Nxe5 $5 {[%cal Re5d3]} 7. Ng3 Bc8 $11) (6... Nxe5 7. Ng3 Bxb1 8. Rxb1 e6 9. Be3 Nf6 10. Bb5+ Nc6 11. O-O Be7 12. Qe2 O-O 13. b4 Qc7 {0-1 (41) Short,N (2646)-Esipenko,A (2593) Moscow 2018}) 7. b4 Nxe5 8. Nd4 $1 {And now Bb5+ would win.White is slightly better.} Bxb1 9. Rxb1 a6 10. Qa4+ Nd7 11. c4 $146 ({Predecessor:} 11. c6 bxc6 12. Qxc6 Ne7 13. Qb7 Qc8 14. Qxc8+ Nxc8 {½-½ (44) Lagno,K (2532)-Girya,O (2439) Tashkent 2013}) 11... Ngf6 12. c6 (12. a3 $14) 12... Nb6 (12... bxc6 $1 $11 13. Nxc6 (13. Qxc6 a5 $15) 13... Qb6) 13. Qa5 bxc6 ({Black should play} 13... Nxc4 $11 14. Bxc4 b6) 14. Nxc6 $14 Qc7 15. c5 Qxc6 16. cxb6 ({White must play} 16. Qxb6 $14 Qxb6 17. cxb6) 16... d4 {[#] aiming for ...Qe4+.} (16... Bd6 $5 {[%cal Rc6c2]} 17. Bd3 O-O $15) 17. f3 {Threatens to win with b5.} Nd5 {Strongly threatening ...Bxb4+.} 18. Bd2 $1 Qxb6 19. Bc4 Qxa5 20. bxa5 {[%cal Bb4a5,Ba5a6][%mdl 32]} Ne3 21. Bd3 Bc5 (21... Bd6 $15) 22. Bxa6 Ke7 23. Bb7 $36 {[%mdl 2048] White has the initiative.} Rhb8 ({Better is} 23... Ra7 $14) 24. Ke2 (24. Kf2 $16) 24... Ra7 {[#]} (24... d3+ $1 $11 {remains equal.} 25. Kxd3 Rd8+ 26. Ke2 Rxd2+ 27. Kxd2 Rxa5) 25. a6 $1 $16 Nc4 $2 (25... Bd6 $16 {was worth a try.}) 26. Rbc1 $18 d3+ 27. Kxd3 Nb2+ 28. Ke2 {White is clearly winning.} Bd4 (28... Bd6 $142 29. Rc6 Raxb7) 29. Rc7+ Kf6 30. Rb1 Be5 31. Bc3 Bxc3 32. Rxc3 Na4 33. Rc4 Rxa6 34. Bxa6 Rxb1 35. Rxa4 Rb2+ 36. Kf1 {Accuracy: White = 61%, Black = 27%.} 1-0